00570nam a2200169 a 450000100100000000500170001000800410002702000150006804000250008308200130010810000340012124500550015526000410021030000210025195201110027299900170038300004306720201002040619.0140218s1989 nyu 000 0 spa d a0671667513 aDO-SdBNPbspacBNPHU axxxbxxx1 aWalsh, Michael,d1949-97059210aWho's Afraid of Classical Music? /cMichael Walsh. aNew York :bSimon & Schuster,c1989. a227 p. ;c22 cm. 001050718MOaGRbGRcCTd2014-02-18iLF1l0oxxx xxxp43067-10r2020-06-25w2020-06-25y1ZNo se presta c42556d42556